Trivia #5 - Fictional Places - Statistics

General Stats
  • This quiz has been taken 34 times
  • The average score is 4 of 12
Answer Stats
Hint Answer % Correct
At night, a "caped crusader" patrols the streets of this city.... Gotham
94%
Walking through the halls of this place you are likely to see an elf, a ghost, a wizard, and talking pictures Hogwarts
53%
The entrance to this kingdom may lie in a dingy old wardrobe, but inside you might find yourself face to face with the likes of witches and lions! Narnia
53%
Panem is the fictional dystopia of what major book and film series Hunger Games
44%
Where the material to make Steve's shield and Bucky's arm is located Wakanda
38%
The leader of this place might wear huge armor and carry around a light sword, but I'd be most scared of the trash chutes! Death Star
31%
Mount Doom is located in what part of Middle Earth? Mordor
31%
You're traveling through another dimension -- a dimension not only of sight and sound but of mind. A journey into a wondrous land whose boundaries are that of imagination. That's a signpost up ahead: your next stop: The Twilight Zone
25%
This kingdom of predominantly humans is run by two Ogre's. Ew! Far Far Away
16%
In this universe, most people are familiar with the continent of Westeros, but what is the other continent where tribes such as the Dothraki live? Essos
13%
Be careful not to run into any heffalumps or woozles while playing with your friends here 100 Acre Wood
9%
One would be shocked to find that this town in Indiana is actually completely made up. So, who is supposed to clean the parks? Pawnee
9%
No matching quizzes found
Score Distribution
Percent of People with Each Score
Percentile by Number Answered
Your Score History
You have not taken this quiz